Un joueur de l'Équipe de France par région - XXIème siècle - Statistiques

Statistiques générales
  • Ce quiz a été pris 48 fois
  • Le résultat moyen est 12 sur 19
Réponses sur la Carte
Les réponses sont colorées sur une échelle allant du rouge au vert en fonction du pourcentage des utilisateurs qui les ont devinées à leur premier essai. Vous pouvez retrouver ces pourcentages ci-dessous.
 
Statistiques - réponses
Région Nombre Joueur % Correct
Auvergne-Rhône-Alpes 27 Eric Abidal | Ruben Aguilar | Houssem Aouar | Bradley Barcola | Karim Benzema | Jérémie Bréchet | Rayan Cherki | François Clerc | Grégory Coupet | Youri Djorkaeff | Nabil Fekir | Sébastien Frey | Olivier Giroud | Maxime Gonalons | Sidney Govou | Clément Grenier | Malo Gusto | Franck Jurietti | Younès Kaboul | Pierre Kalulu | Alexandre Lacazette | Sabri Lamouchi | Castello Lukeba | Loïc Rémy | Willy Sagnol | Corentin Tolisso | Kurt Zouma
100%
Île-de-France 57 Maghnes Akliouche | Nicolas Anelka | Alphonse Aréola | Loïc Badé | Tiémoué Bakayoko | Hatem Ben Arfa | Wissam Ben Yedder | Jimmy Briand | Zoumana Camara | Bruno Cheyrou | Philippe Christanval | Michaël Ciani | Kingsley Coman | Sébastien Corchia | Olivier Dacourt | Abou Diaby | Moussa Diaby | Lassana Diarra | Alou Diarra | Lucas Digne | Axel Disasi | Youssouf Fofana | William Gallas | Nicolas Gillet | Mattéo Guendouzi | Thierry Henry | Jonathan Ikoné | N’Golo Kanté | Presnel Kimpembe | Randal Kolo Muani | Ibrahima Konaté | Geoffrey Kondogbia | Manu Koné | Jules Koundé | Maxence Lacroix | Eliaquim Mangala | Anthony Martial | Marvin Martin | Jean-Philippe Mateta | Kylian Mbappé | Benjamin Mendy | Ferland Mendy | Jérémy Ménez | Nordi Mukiele | Tanguy Ndombele | Christopher Nkunku | Steven Nzonzi | Paul Pogba | Adrien Rabiot | Jérôme Rothen | Louis Saha | Mamadou Sakho | William Saliba | Moussa Sissoko | Sylvain Wiltord | Warren Zaïre-Emery | Jonathan Zebina
98%
Provence-Alpes-Côte d'Azur 22 Morgan Amalfitano | Alain Boghossian | Cédric Carrasso | Djibril Cissé | Rod Fanni | Mathieu Flamini | Wesley Fofana | André-Pierre Gignac | Gaël Givet | Bafétimbi Gomis | Josuha Guilavogui | Lucas Hernandez | Théo Hernandez | Boubacar Kamara | Layvin Kurzawa | Frank Lebœuf | Lionel Letizi | Hugo Lloris | Johan Micoud | Samir Nasri | Sébastien Squillaci | Zinédine Zidane
94%
Normandie 11 Benoît Costil | Ousmane Dembélé | Vikash Dhorasoo | Julien Faubert | Bernard Mendy | Charles N’Zogbia | Frédéric Née | Emmanuel Petit | Aurélien Tchouaméni | David Trezeguet | Dayot Upamecano
83%
Étranger 17 Jean-Alain Boumsong | Eduardo Camavinga | Marcel Desailly | Patrice Evra | Olivier Kapo | Peguy Luyindula | Claude Makélélé | Steve Mandanda | Paul-Georges Ntep | Michael Olise | Brice Samba | Khéphren Thuram | Marcus Thuram | Adrien Truffert | Samuel Umtiti | Patrick Vieira | Mapou Yanga-Mbiwa
83%
Hauts-de-France 11 Yohan Cabaye | Lucas Chevalier | Mathieu Debuchy | Kevin Gameiro | Clément Lenglet | Yann M’vila | Daniel Moreira | Benjamin Pavard | Alassane Plea | Franck Ribéry | Raphaël Varane
81%
Bourgogne-Franche-Comté 6 Clément Chantôme | Antoine Griezmann | Jérémy Mathieu | Camel Meriem | Benoît Pedretti | Bacary Sagna
79%
Nouvelle Aquitaine 10 Benoît Badiashile | Etienne Capoue | Christophe Dugarry | Christophe Jallet | Laurent Koscielny | Bixente Lizarazu | Marc Planus | Stéphane Ruffier | Benoît Trémoulinas | Mathieu Valbuena
60%
Guyane 3 Mike Maignan | Florent Malouda | Jean-Clair Todibo
60%
Pays de la Loire 9 Ousmane Dabo | Désiré Doué | Léo Dubois | Mickaël Landreau | Ulrich Ramé | Anthony Réveillère | Steve Savidan | Jérémy Toulalan | Jordan Veretout
57%
Occitanie 6 Fabien Barthez | Vincent Candela | Eric Carrière | Gaël Clichy | Blaise Matuidi | Philippe Mexès
55%
La Réunion 4 Guillaume Hoarau | Dimitri Payet | Laurent Robert | Florent Sinama-Pongolle
55%
Guadeloupe 3 Pascal Chimbonda | Thomas Lemar | Lilian Thuram
55%
Grand Est 5 Jonathan Clauss | Hugo Ekitiké | Robin Risser | Robert Pirès | Morgan Schneiderlin | Djibril Sidibé
53%
Centre-Val de Loire 5 Aly Cissokho | Julien Escudé | Steve Marlet | Mikaël Silvestre | Florian Thauvin
36%
Bretagne 1 Yoann Gourcuff
34%
Corse 2 Rémy Cabella | Adil Rami
28%
Nouvelle-Calédonie 2 Christian Karembeu | Frédéric Piquionne
26%
Mer 1 Rio Mavuba
26%
Aucun quiz correspondant
Distribution des résultats
% des personnes avec chaque résultat
Percentile par nombre de réponses
Votre historique - résultats
Vous n’avez pas pris ce quiz